إبراهيم عليه السلام و إسماعيل عليه السلام و لوط عليه السلام / (رقم التسجيلة. 54879)

تفاصيل مارك
000 -LEADER
fixed length control field 00727nam a22001937a 4500
005 - DATE AND TIME OF LATEST TRANSACTION
control field 20251108171031.0
008 - FIXED-LENGTH DATA ELEMENTS--GENERAL INFORMATION
fixed length control field 250721s1982 xx 000 0 ara d
082 14 - DEWEY DECIMAL CLASSIFICATION NUMBER
Classification number ط/214.2/سمي
100 1# - MAIN ENTRY--PERSONAL NAME
Personal name الزين، سميح عاطف
245 10 - TITLE STATEMENT
Title إبراهيم عليه السلام و إسماعيل عليه السلام و لوط عليه السلام /
250 ## - EDITION STATEMENT
Edition statement ط2.
264 1# - PRODUCTION, PUBLICATION, DISTRIBUTION, MANUFACTURE, AND COPYRIGHT NOTICE
Place of production, publication, distribution, manufacture بيروت :
Name of producer, publisher, distributor, manufacturer دار الكتاب اللبناني،
Date of production, publication, distribution, manufacture, or copyright notice 1982.
300 ## - PHYSICAL DESCRIPTION
Extent 116ص.
490 0# - SERIES STATEMENT
Series statement قصص الانبياء في القرآن الكريم المختارة من مجمع البيان الحديث ،3
650 17 - SUBJECT ADDED ENTRY--TOPICAL TERM
Topical term or geographic name as entry element النبوات
653 ## - INDEX TERM--UNCONTROLLED
Uncontrolled term ناشاون صغار (10-14) سنه
942 ## - ADDED ENTRY ELEMENTS (KOHA)
Source of classification or shelving scheme Dewey Decimal Classification
Koha item type كتب
المقتنيات
حالة السحب حالة الفقدان مصدر التصنيف حالة التلف غير قابل للإعارة المكتبة الرئيسية المكتبة الحالية موقع الرف تاريخ التزويد الرقم المتسلسل Total Checkouts رقم الإستدعاء تاريخ آخر ظهور تاريخ الفاتورة نوع المادة (كوها) الباركود
    Dewey Decimal Classification     مكتبة أم قصير والمقابلين العامة مكتبة أم قصير والمقابلين العامة الأطفال 14/07/2008     ط/214.2/سمي 28/07/2025 14/07/2008 كتب PLD00028254
    Dewey Decimal Classification Unchecked   مكتبة حمزة العامة مكتبة حمزة العامة الأطفال 06/07/2004 517   ط/214.2/سمي 28/07/2025 06/07/2004 كتب  
Implemented & Customized by: BBB with SCIT (Smart Chains for Information Technology)

Powered by Koha